=LDR 00000nam 2200000 4500 =001 INLIS000000000025564 =005 20200921105045 =035 ##$$a 0010-061300000025564 =008 200921################g##########0#ind## =041 ##$$a Ind =082 ##$$a 305.48 =090 ##$$a 305.48, Lin y =100 1#$$a Linggasari, Dewi =245 1#$$a Yang perkasa yang tertindas, Potret hidup perempuan Asmat, /$c Dewi Linggasari =260 ##$$a Yogyakarta :$b Bigraf Publishing,$c 2004 =300 ##$$a xvi, 144 hlm, ; $c 14 x 22 cm =650 #4$$a Wanita - Tingkahlaku Seksual =850 ##$$a NBPNMAT =020 ##$$a 979-8680-75-X =084 ##$$a 305.48 LIN y =250 ##$$a cet. 1 =990 ##$$a 30500149